000 00514nam a2200193Ia 4500
005 20250508162009.0
008 008 250505s9999 xx 000 0 eng d
020 _a0-442-30227-4
037 _aTextual
040 _aFEDL
_beng
_cFEDL
041 _aeng
_2eng
084 _a510, MOR
_qFEDL
100 _aMorris Jack
245 0 _aMathematics. Level 2
260 _aNew York, USA
_bVan Nostrand Reinhold Company
_c1979
300 _a119p.
942 _cTEXL
_h510, MOR
999 _c1373738
_d1373738